[Event "Superettan(Farsta-Vasteras II)"]
[Site "?"]
[Date "2022.04.10"]
[Round "8"]
[White "Granath, Jonas"]
[Black "Wieweg, Johnny"]
[Result "1-0"]
[WhiteElo "1868"]
[BlackElo "2087"]
[PlyCount "69"]

1. e4 e5 2. Nf3 Nc6 3. Bc4 Nf6 4. d4 exd4 5. O-O Nxe4 6. Re1 d5 7. Bxd5 Qxd5 8.
Nc3 Qa5 9. Nxe4 Be6 10. Neg5 O-O-O 11. Nxe6 fxe6 12. Rxe6 h6 13. Bd2 Qd5 14.
Qe2 g5 15. a3 Bg7 16. Re1 d3 17. cxd3 g4 18. Nh4 Nd4 19. Qxg4 Nxe6 20. Rxe6 Qd7
21. Ng6 Rhe8 22. Nf4 Rxe6 23. Nxe6 Bxb2 24. Qc4 Re8 25. Nc5 Qc6 26. Qb4 Be5 27.
Qg4+ Kb8 28. Nd7+ Ka8 29. Nxe5 Qb5 30. f4 Qc5+ 31. Kf1 Qxa3 32. Ke2 a5 33. Qd7
Re7 34. Qd8+ Ka7 35. Be3+ 1-0

[Event "Superettan(Burgsvik-Helsingborg)"]
[Site "?"]
[Date "2022.04.09"]
[Round "7"]
[White "Hakansson, Stefan"]
[Black "Gannholm, Ingvar"]
[Result "1/2-1/2"]
[WhiteElo "2057"]
[BlackElo "1733"]
[PlyCount "81"]

1. d4 d5 2. Bf4 e6 3. e3 f5 4. Nf3 Nf6 5. Be2 Bd6 6. Bg3 O-O 7. Nbd2 Qe7 8. Ne5
Nc6 9. f4 Ne4 10. Nxe4 fxe4 11. O-O Qe8 12. c4 Ne7 13. Qb3 c6 14. Bg4 Rb8 15.
Rac1 h5 16. Bh3 Kh7 17. Bh4 Ng6 18. Bg5 Ne7 19. Bxe7 Qxe7 20. g3 g6 21. c5 Bc7
22. Qa4 a6 23. Qc2 Bd7 24. Qe2 a5 25. Kh1 b6 26. cxb6 Rxb6 27. Nxd7 Qxd7 28. g4
h4 29. g5 Rfb8 30. Rc2 Bd6 31. Qf2 Kg7 32. Qxh4 Rh8 33. Qg4 Kf7 34. Rfc1 a4 35.
Qg2 Rhb8 36. Qf2 Rh8 37. Qg3 Qb7 38. Qg4 Qd7 39. Qg2 Qb7 40. Qg4 Qd7 41. Qg2
1/2-1/2

[Event "Superettan(Vasteras II-Kristallen)"]
[Site "?"]
[Date "2022.04.09"]
[Round "7"]
[White "Gamback, Bjorn"]
[Black "Granath, Jonas"]
[Result "1-0"]
[WhiteElo "2092"]
[BlackElo "1868"]
[PlyCount "121"]

1. Nf3 d5 2. c4 e6 3. e3 c5 4. d4 Nc6 5. Nc3 Nf6 6. cxd5 exd5 7. Bb5 Be7 8. Ne5
Qd6 9. Qa4 Bd7 10. Nxd7 Nxd7 11. O-O O-O 12. Rd1 cxd4 13. Bxc6 bxc6 14. exd4
Rab8 15. Qc2 Nb6 16. Ne2 Rb7 17. b3 Rc8 18. Be3 Nd7 19. Nf4 Nf6 20. Rac1 Ne4
21. f3 Nf6 22. Qf5 Rbc7 23. Nd3 g6 24. Qh3 Qa3 25. Rc2 Bd6 26. Qh4 Nh5 27. Qf2
Ng7 28. Rdc1 Nf5 29. Bf4 Bxf4 30. Nxf4 Qd6 31. Nd3 Qf6 32. Nb4 Qxd4 33. Nxc6
Qxf2+ 34. Kxf2 Kf8 35. Nb4 Rxc2+ 36. Rxc2 Rxc2+ 37. Nxc2 Ke7 38. g4 Nd6 39. Ke3
Nb5 40. a4 Nc7 41. b4 f6 42. f4 Kd6 43. Nd4 a6 44. Kd3 Na8 45. Nb3 Nc7 46. Nc5
Kc6 47. Kd4 Kd6 48. f5 Kc6 49. Nxa6 Ne8 50. b5+ Kd6 51. Nb4 gxf5 52. Nxd5 fxg4
53. a5 Nc7 54. Nxc7 Kxc7 55. Kc5 h5 56. a6 h4 57. b6+ Kb8 58. Kc6 g3 59. a7+
Ka8 60. Kc7 gxh2 61. b7+ 1-0

[Event "Superettan(Burgsvik-Helsingborg)"]
[Site "?"]
[Date "2022.04.09"]
[Round "7"]
[White "Gumpert, Leo"]
[Black "Derdic, Valentin"]
[Result "0-1"]
[WhiteElo "1687"]
[BlackElo "1850"]
[PlyCount "58"]

1. b3 d5 2. Bb2 Nf6 3. e3 Bf5 4. Nf3 e6 5. Nh4 Bg6 6. Nxg6 hxg6 7. c4 c6 8. Be2
Nbd7 9. d4 Bb4+ 10. Bc3 Bd6 11. h3 Ne4 12. Qc2 Qh4 13. Rf1 Ndf6 14. Bf3 O-O-O
15. c5 Bc7 16. Kd1 Rhe8 17. Bxe4 dxe4 18. Kc1 Qg5 19. g4 e5 20. Nd2 exd4 21.
exd4 e3 22. fxe3 Rxe3 23. Kb2 Rxh3 24. Nc4 Nd5 25. Bd2 Qxg4 26. Rac1 Qxd4+ 27.
Kb1 f5 28. Be1 Re8 29. Rd1 Qxc5 0-1

[Event "Superettan(Vasteras II-Kristallen)"]
[Site "?"]
[Date "2022.04.09"]
[Round "7"]
[White "Backman, Andreas"]
[Black "Hedstrom, Johan"]
[Result "1-0"]
[WhiteElo "2118"]
[BlackElo "2024"]
[PlyCount "131"]

1. d4 f5 2. c4 Nf6 3. Nc3 g6 4. h4 d6 5. h5 Nxh5 6. Rxh5 gxh5 7. e4 Be6 8. Nh3
Bf7 9. Ng5 h6 10. Nxf7 Kxf7 11. Qxh5+ Kg8 12. Qg6+ Bg7 13. c5 Rh7 14. Bc4+ Kh8
15. Be3 Qf8 16. Be6 Nc6 17. Bxf5 Qg8 18. Qxh7+ Qxh7 19. Bxh7 Kxh7 20. cxd6 cxd6
21. O-O-O a6 22. Ne2 Rc8 23. Kb1 Nd8 24. Rh1 Nf7 25. g4 Kg8 26. f4 e6 27. Ng3
Rc4 28. Rd1 Kf8 29. Rd3 Ke7 30. Rc3 Rc6 31. Kc2 Kd7 32. Kd3 Bf8 33. d5 Rxc3+
34. bxc3 e5 35. f5 Be7 36. Nf1 Kc7 37. c4 b6 38. a4 a5 39. Nh2 Bg5 40. Bf2 Kb7
41. Nf3 Kc7 42. Ne1 Kb7 43. Nc2 Bd8 44. Na3 Bg5 45. Nb5 Bd8 46. Be3 Bg5 47. Bf2
Bd8 48. Be1 Bg5 49. Bc3 Kc8 50. Bb2 Bf6 51. Ba3 Kd7 52. Bc1 Kc8 53. Be3 Kb7 54.
Ke2 Bg5 55. Kf3 Ka6 56. Nc7+ Kb7 57. Ne6 Ka6 58. Nxg5 hxg5 59. Kg3 Kb7 60. f6
Kc7 61. Kh3 Kb7 62. Bxg5 Nxg5+ 63. Kh4 Nh7 64. g5 Kc7 65. Kh5 Kd7 66. Kg6 1-0

[Event "Superettan(Farsta-Upsala)"]
[Site "?"]
[Date "2022.04.09"]
[Round "7"]
[White "Johansson, Jan"]
[Black "Livner, Anders"]
[Result "1-0"]
[WhiteElo "2291"]
[BlackElo "2379"]
[PlyCount "67"]
[SourceDate "2022.05.10"]

1. d4 d5 2. Nf3 Nf6 3. c4 c6 4. Qc2 g6 5. Bf4 Bg7 6. e3 O-O 7. Nc3 c5 8. dxc5
Qa5 9. Nd2 Bf5 10. Bd3 Bxd3 11. Qxd3 Nbd7 12. Nb3 Qa6 13. Nb5 Rac8 14. O-O Nxc5
15. Qe2 dxc4 16. Qxc4 Na4 17. Qe2 Nd5 18. Bg5 Nxb2 19. Rab1 Na4 20. N3d4 Qa5
21. Qf3 Nac3 22. Rb3 e5 23. Nd6 exd4 24. Nxc8 Qa6 25. Ne7+ Nxe7 26. Bxe7 Re8
27. Rxb7 d3 28. Bb4 Ne2+ 29. Kh1 Qxa2 30. Qc6 Qe6 31. Qxe6 fxe6 32. Rd1 Rc8 33.
g3 Bc3 34. Rxd3 1-0

[Event "Superettan(Schack 08-Orgryte)"]
[Site "?"]
[Date "2022.04.09"]
[Round "7"]
[White "Frisk Kockum, Anton"]
[Black "Nyander, Joakim"]
[Result "1/2-1/2"]
[WhiteElo "2341"]
[BlackElo "2243"]
[PlyCount "65"]

1. d4 Nf6 2. c4 c5 3. d5 a6 4. Nf3 e6 5. Bg5 h6 6. Bh4 Be7 7. dxe6 dxe6 8.
Qxd8+ Bxd8 9. Nc3 b6 10. O-O-O Bb7 11. e3 Nbd7 12. Be2 Bc7 13. Rd2 O-O-O 14.
Rhd1 Ne5 15. Bxf6 gxf6 16. Nxe5 Rxd2 17. Rxd2 Bxe5 18. Bh5 Bxc3 19. bxc3 Rh7
20. g3 Kc7 21. Kc2 Bc6 22. Kd3 Rg7 23. f4 f5 24. Ke2 f6 25. Kf2 Rd7 26. Rxd7+
Kxd7 27. g4 fxg4 28. Bxg4 Be4 29. Kg3 Ke7 30. Kh4 Bg6 31. Bf3 Kf8 32. Bb7 a5
33. a3 1/2-1/2

[Event "Superettan(Farsta-Upsala)"]
[Site "?"]
[Date "2022.04.09"]
[Round "7"]
[White "Ong, Kezli"]
[Black "Sirin, Atakan"]
[Result "1/2-1/2"]
[WhiteElo "2300"]
[BlackElo "2280"]
[PlyCount "87"]
[EventDate "2022.??.??"]

1. e4 c5 2. Nf3 d6 3. Bb5+ Nd7 4. O-O a6 5. Bd3 Ngf6 6. c3 g5 7. Nxg5 Ne5 8.
Be2 c4 9. f4 Qb6+ 10. Kh1 Nd3 11. Bxd3 cxd3 12. Qf3 h6 13. Nh3 Bxh3 14. gxh3
Qc6 15. Qxd3 Nxe4 16. Qf3 Rg8 17. d3 Nc5 18. Qxc6+ bxc6 19. Rf3 Rb8 20. Nd2 Bg7
21. d4 Nd7 22. f5 c5 23. dxc5 Nxc5 24. Nc4 Ne4 25. Bf4 Rb5 26. Re1 d5 27. Ne3
e6 28. Rg1 Rxb2 29. Bxh6 Bxh6 30. Rxg8+ Ke7 31. f6+ Kd7 32. Rg2 Nd2 33. Rfg3
Bf4 34. Ng4 Bxg3 35. hxg3 Rxa2 36. Ne5+ Ke8 37. h4 Ra1+ 38. Kh2 Ne4 39. Rb2
Nxf6 40. Rb8+ Ke7 41. Rb7+ Ke8 42. Rb8+ Ke7 43. Rb7+ Ke8 44. Rb8+ 1/2-1/2

[Event "Superettan(Schack 08-Orgryte)"]
[Site "?"]
[Date "2022.04.09"]
[Round "7"]
[White "Laveryd, Peter"]
[Black "Olsson, William"]
[Result "1-0"]
[WhiteElo "2360"]
[BlackElo "2316"]
[PlyCount "57"]

1. e4 c5 2. Nc3 Nc6 3. f4 g6 4. Nf3 Bg7 5. Bc4 e6 6. f5 Nge7 7. fxe6 fxe6 8. d3
d5 9. Bb3 b5 10. O-O c4 11. dxc4 dxc4 12. Qxd8+ Nxd8 13. Nxb5 cxb3 14. Nc7+ Kd7
15. Nxa8 bxc2 16. Rf2 Bb7 17. Rd2+ Kc8 18. Rxc2+ Nec6 19. Bf4 Bxa8 20. Rac1 Kd7
21. Rd1+ Ke8 22. b4 e5 23. Nxe5 Nxe5 24. Rc8 Kf7 25. Rxa8 Ndc6 26. Rxh8 Bxh8
27. b5 Ne7 28. Be3 Nc8 29. Rd8 1-0

[Event "Superettan(Farsta-Upsala)"]
[Site "?"]
[Date "2022.04.09"]
[Round "7"]
[White "Burwick, Malte"]
[Black "Hjelm, Niclas"]
[Result "1/2-1/2"]
[WhiteElo "2215"]
[BlackElo "2266"]
[PlyCount "104"]

1. Nf3 d5 2. g3 g6 3. Bg2 Bg7 4. O-O Nf6 5. d3 O-O 6. Nbd2 Nc6 7. e4 e5 8. c3
a5 9. Ne1 dxe4 10. dxe4 Qe7 11. Nc2 Be6 12. Qe2 a4 13. Nf3 Qc5 14. Na3 h6 15.
Re1 Qe7 16. Qc2 Rfd8 17. Bf1 Nd7 18. Bb5 Qf6 19. Nh4 Nc5 20. Be3 Bf8 21. Bc4
Bxc4 22. Nxc4 Qe6 23. Na3 Rd7 24. Rf1 Qg4 25. f3 Qe6 26. Rfd1 Rxd1+ 27. Qxd1
Rd8 28. Qc2 Nb8 29. Ng2 Nba6 30. Ne1 c6 31. Qe2 b5 32. Nac2 Qd7 33. Qf2 Ne6 34.
Qe2 h5 35. Bb6 Qd2 36. Kf1 Rd7 37. Qxd2 Rxd2 38. Be3 Rd7 39. Ke2 f6 40. Nd3 Kf7
41. Rd1 Ke8 42. Rf1 Kf7 43. h3 Be7 44. Rb1 Rd8 45. Rg1 Ra8 46. Rd1 Rd8 47. Bb6
Rb8 48. Ba7 Ra8 49. Be3 Rd8 50. Rf1 Re8 51. Rc1 Ra8 52. Rd1 Rd8 1/2-1/2

[Event "Superettan(Schack 08-Orgryte)"]
[Site "?"]
[Date "2022.04.09"]
[Round "7"]
[White "Torngren, Gustav"]
[Black "Wikstrom, Per"]
[Result "1-0"]
[WhiteElo "2245"]
[BlackElo "2151"]
[PlyCount "119"]

1. d4 d5 2. c4 c6 3. Nf3 e6 4. Nc3 Nf6 5. Qd3 dxc4 6. Qxc4 b5 7. Qd3 Nbd7 8. e4
a6 9. Be2 Bb7 10. e5 Nd5 11. Bg5 Qa5 12. Bd2 b4 13. Ne4 Qb6 14. O-O c5 15. Rac1
cxd4 16. Bd1 Be7 17. Ba4 Rd8 18. Bg5 f6 19. exf6 gxf6 20. Bh6 Kf7 21. Bxd7 Rxd7
22. Rfe1 Qb5 23. Qd1 Nc3 24. bxc3 dxc3 25. Nfg5+ Kg6 26. Qg4 Qf5 27. Qh4 fxg5
28. Nxg5 Bxg5 29. Bxg5 Bd5 30. Be3 a5 31. g4 Qf3 32. Qh5+ Kg7 33. Bh6+ Kf6 34.
Qg5+ Kf7 35. Qg7+ Ke8 36. Qxh8+ Ke7 37. Qg7+ Ke8 38. Qg8+ Ke7 39. Qg5+ Ke8 40.
Qg8+ Ke7 41. Rxe6+ Bxe6 42. Re1 Qf7 43. Qb8 Rd5 44. f4 Qg6 45. Qc7+ Rd7 46.
Qc5+ Rd6 47. Bg5+ Kd7 48. f5 Qxg5 49. fxe6+ Rxe6 50. Qxg5 Rxe1+ 51. Kf2 Re6 52.
Qd5+ Rd6 53. Qf5+ Kc6 54. Qxa5 Rd2+ 55. Ke3 Rxh2 56. Qxb4 c2 57. Qc4+ Kb6 58.
Kf4 h5 59. Kg3 Re2 60. gxh5 1-0

[Event "Superettan(Farsta-Upsala)"]
[Site "?"]
[Date "2022.04.09"]
[Round "7"]
[White "Jaderberg, Bjorn"]
[Black "Wagner, Stephan"]
[Result "1-0"]
[WhiteElo "2147"]
[BlackElo "2222"]
[PlyCount "81"]

1. e4 c6 2. Nc3 d5 3. Nf3 Bg4 4. h3 Bxf3 5. Qxf3 e6 6. Be2 Bc5 7. O-O Ne7 8.
Na4 Bd6 9. d4 dxe4 10. Qxe4 Nd7 11. c4 O-O 12. Nc3 Nf6 13. Qd3 Ng6 14. g3 Qc7
15. Ne4 Nxe4 16. Qxe4 Rfd8 17. Kg2 Be7 18. Be3 Rd7 19. Rad1 Qa5 20. a3 Rad8 21.
Rd3 Bf6 22. b4 Qa6 23. Rc1 b5 24. cxb5 cxb5 25. Rc5 Be7 26. Rc6 Qb7 27. Bf3 Qb8
28. Rd1 a5 29. bxa5 Qa8 30. a6 Bxa3 31. Rb6 Qc8 32. Qd3 b4 33. Qb5 Ne7 34. Bb7
Qc2 35. Rd2 Qb1 36. a7 Rxb7 37. Rxb7 Qe4+ 38. Kh2 Nf5 39. a8=Q Rxa8 40. Rb8+
Rxb8 41. Qxb8# 1-0

[Event "Superettan(Schack 08-Orgryte)"]
[Site "?"]
[Date "2022.04.09"]
[Round "7"]
[White "Faldt, Magnus"]
[Black "Eksmyr, Johan"]
[Result "1-0"]
[WhiteElo "2159"]
[BlackElo "2171"]
[PlyCount "129"]

1. d4 Nf6 2. c4 g6 3. Nc3 d5 4. cxd5 Nxd5 5. Bd2 Bg7 6. e4 Nb6 7. Be3 O-O 8. h3
f5 9. Nf3 Nc6 10. Qb3+ e6 11. O-O-O f4 12. Bd2 Nxd4 13. Nxd4 Bxd4 14. Nb5 Bxf2
15. Bb4 Bd7 16. Bxf8 Qxf8 17. Rxd7 Nxd7 18. Qxe6+ Qf7 19. Bc4 Ne5 20. Qxf7+
Nxf7 21. Rd1 Kf8 22. Rd7 Ne5 23. Rxh7 Re8 24. Bb3 Re7 25. Rh8+ Kg7 26. Rg8+ Kh7
27. Kc2 Nc6 28. Rc8 Bb6 29. Kd3 Rd7+ 30. Ke2 Ne5 31. Re8 Nd3 32. e5 a6 33. e6
Nc1+ 34. Ke1 Rd3 35. Bc2 Ba5+ 36. Nc3 Re3+ 37. Kd1 Nxa2 38. Bb3 Nxc3+ 39. bxc3
Rd3+ 40. Kc2 Rxc3+ 41. Kb2 Re3 42. Rf8 Re4 43. Rf7+ Kh6 44. h4 Kh5 45. e7 Bb4
46. Bd1+ Kh6 47. Rxf4 Rxe7 48. Rxb4 b5 49. Rf4 Kg7 50. Bc2 Re6 51. Rg4 Kh6 52.
Rg5 Rf6 53. Rc5 Rf4 54. g3 Rf3 55. Rg5 Rf6 56. Kb3 Re6 57. Kb4 Rc6 58. Bb3 Rc1
59. Re5 c5+ 60. Rxc5 Rxc5 61. Kxc5 g5 62. hxg5+ Kxg5 63. Be6 Kf6 64. Bc8 Ke5
65. Bxa6 1-0

[Event "Superettan(Farsta-Upsala)"]
[Site "?"]
[Date "2022.04.09"]
[Round "7"]
[White "Malm Lindberg, Henrik"]
[Black "Lagerborg, Krister"]
[Result "1/2-1/2"]
[WhiteElo "2194"]
[BlackElo "2129"]
[PlyCount "250"]

1. e4 c5 2. Nf3 d6 3. d4 cxd4 4. Nxd4 Nf6 5. Nc3 a6 6. Be2 e5 7. Nb3 Be7 8. O-O
O-O 9. Be3 Be6 10. Qd2 Nbd7 11. a4 b6 12. Rfd1 Qc7 13. Nc1 Nc5 14. Bf3 Qc6 15.
Nd5 Bxd5 16. exd5 Qd7 17. a5 e4 18. Be2 b5 19. b4 Nb7 20. c4 bxc4 21. Bxc4 Qc8
22. Qe2 Nd8 23. Nb3 Nd7 24. Bd4 f5 25. Rab1 Bf6 26. Rdc1 Qb7 27. Bxf6 Rxf6 28.
Nd4 Kh8 29. Qh5 g6 30. Qh4 Kg7 31. Ne6+ Nxe6 32. dxe6 Ne5 33. Ba2 d5 34. Bxd5
Qxd5 35. Rc7+ Nf7 36. exf7 Rxf7 37. Qg3 Rd8 38. h4 Rdd7 39. Rbc1 f4 40. Rxd7
Qxd7 41. Qc3+ Kh6 42. Qe5 Qg4 43. Qxe4 Qxh4 44. Rc4 Qg5 45. Rc3 Qf6 46. Rc6
Qa1+ 47. Kh2 Qf1 48. Qf3 Rf5 49. Rc5 Rf7 50. Rc7 Rf5 51. Rc5 Rf7 52. Qh3+ Kg7
53. Qc3+ Kh6 54. Qd4 Qe1 55. Rc3 Kg5 56. Rc5+ Kh6 57. Rc3 Kg5 58. b5 axb5 59.
Rc5+ Kh6 60. Rxb5 Qe7 61. a6 Qa7 62. Rb6 Qd7 63. Rd6 Qa7 64. Rb6 Qd7 65. Qxd7
Rxd7 66. Rb7 Rd6 67. a7 Ra6 68. Kh3 Ra5 69. Kg4 g5 70. Rb6+ Kg7 71. Rb7+ Kg6
72. Rb6+ Kg7 73. Rb5 Rxa7 74. Rxg5+ Kh6 75. Rf5 Kg6 76. Rxf4 Ra6 77. Rb4 Ra2
78. Rb6+ Kg7 79. Kg3 Rc2 80. Ra6 Rb2 81. f3 Rc2 82. Kh3 Rb2 83. g4 Rb3 84. Kg3
Rc3 85. Kf4 Rb3 86. g5 Rc3 87. Kg4 Rb3 88. f4 Rb4 89. Kf5 Rb5+ 90. Kg4 Rb4 91.
Ra7+ Kg6 92. Ra6+ Kg7 93. Rc6 Ra4 94. Rd6 Rb4 95. Kf5 Ra4 96. Rd7+ Kg8 97. Rd8+
Kg7 98. Rd7+ Kg8 99. Re7 Ra8 100. Ke5 Ra6 101. f5 Rb6 102. Rd7 Ra6 103. Rd6 Ra8
104. Rd7 Re8+ 105. Kf6 Rf8+ 106. Ke6 Re8+ 107. Kf6 Rf8+ 108. Ke5 Re8+ 109. Kd6
Ra8 110. Ke7 Ra1 111. Rd8+ Kg7 112. f6+ Kg6 113. Rg8+ Kf5 114. Rg7 Ra7+ 115.
Kd6 Ra6+ 116. Kc5 Ra8 117. Kd6 Ra6+ 118. Kc7 Ra8 119. f7 Ke6 120. Rxh7 Ra7+
121. Kc6 Rxf7 122. g6 Rf6 123. g7 Kf7+ 124. Kd7 Rg6 125. g8=R+ Kxg8 1/2-1/2

[Event "Superettan(Schack 08-Orgryte)"]
[Site "?"]
[Date "2022.04.09"]
[Round "7"]
[White "Arnelind, Mikael"]
[Black "Bjorkeroth, Johan"]
[Result "0-1"]
[WhiteElo "2215"]
[BlackElo "2129"]
[PlyCount "192"]

1. d4 Nf6 2. c4 e6 3. Nc3 Bb4 4. e3 c5 5. Bd3 d5 6. Nf3 O-O 7. O-O Bxc3 8. bxc3
Qc7 9. Qe2 b6 10. cxd5 exd5 11. c4 cxd4 12. Nxd4 dxc4 13. Bxc4 Ng4 14. f4 Nc6
15. Nf3 Bf5 16. Nh4 Bd7 17. h3 Nf6 18. Bb2 Ne4 19. Qc2 Nd6 20. Qc3 Ne8 21. Rf3
Kh8 22. Rg3 f6 23. Bd5 Rc8 24. Ba3 Nd6 25. Qd3 Ne7 26. Bb3 Nef5 27. Nxf5 Nxf5
28. Rf3 Rfd8 29. Rc1 Qb8 30. Rxc8 Qxc8 31. Rf1 Bc6 32. Qc3 Ng3 33. Re1 Ne4 34.
Qc1 Qb7 35. Rd1 Rc8 36. Qb2 Qc7 37. Qd4 a5 38. Be6 Re8 39. Bg4 b5 40. Bb2 Qb7
41. Rc1 b4 42. Bf3 h6 43. Kh2 Qb5 44. Qa7 Nc3 45. Bxc6 Qxc6 46. a3 Rd8 47. Rc2
Qe4 48. Qxa5 Ra8 49. Qxb4 Qxc2 50. Bxc3 Qc1 51. Qb7 Qxa3 52. Bd4 Qf8 53. Qd7
Ra2 54. Qe6 Qa8 55. Qg4 Qc6 56. Qg6 Qc2 57. Qg4 Qe4 58. h4 Kh7 59. Kh3 Rc2 60.
Kh2 Qd5 61. Kh3 h5 62. Qg3 Qe4 63. Kh2 Rc1 64. Qf2 Qb1 65. Kg3 Rh1 66. Qf3 Qe1+
67. Qf2 Qxf2+ 68. Kxf2 Rxh4 69. Kg3 Rh1 70. Bc5 Kg6 71. Bf8 Kf7 72. Bc5 Ke6 73.
Bf8 g6 74. Kf3 Rb1 75. Kf2 Kf5 76. Kf3 Rb3 77. Bc5 g5 78. fxg5 fxg5 79. g4+
hxg4+ 80. Kg3 Rc3 81. Bb6 Rc4 82. Bd4 Rc1 83. Bb6 Rg1+ 84. Kf2 Rh1 85. Kg2 Rh3
86. Bd4 Rf3 87. Bc5 Ke4 88. Bb6 Kf5 89. Bc5 Kg6 90. Bb6 Kh5 91. Bc5 Kh4 92. e4
Rc3 93. Bd4 Rc2+ 94. Kf1 Kg3 95. Be3 Kf3 96. Bxg5 Kxe4 0-1

[Event "Superettan(Farsta-Upsala)"]
[Site "?"]
[Date "2022.04.09"]
[Round "7"]
[White "Wieweg, Johnny"]
[Black "Marttala, Thomas"]
[Result "1-0"]
[WhiteElo "2087"]
[BlackElo "2199"]
[PlyCount "67"]

1. e4 c5 2. f4 Nc6 3. Nf3 g6 4. Nc3 Bg7 5. Bb5 Nd4 6. Nxd4 cxd4 7. Ne2 a6 8.
Bd3 e6 9. O-O Ne7 10. Kh1 f5 11. exf5 exf5 12. c3 Nc6 13. b3 O-O 14. Bb2 b5 15.
Rc1 Bb7 16. Qe1 Re8 17. Qf2 Qa5 18. a3 Re7 19. b4 Qc7 20. c4 Qd6 21. cxb5 axb5
22. Bxb5 d3 23. Bc4+ Kh8 24. Bxg7+ Kxg7 25. Nc3 Nd4 26. Bd5 Nc6 27. b5 Qf6 28.
Bf3 Re2 29. Nxe2 dxe2 30. Rfe1 Na5 31. Qxe2 Nb3 32. Bxb7 Nxc1 33. Rxc1 Rxa3 34.
h3 1-0

[Event "Superettan(Schack 08-Orgryte)"]
[Site "?"]
[Date "2022.04.09"]
[Round "7"]
[White "Sternlund, Hakan"]
[Black "Anderzen, Robert"]
[Result "1/2-1/2"]
[WhiteElo "2133"]
[BlackElo "2099"]
[PlyCount "63"]

1. c4 Nf6 2. Nc3 g6 3. g3 Bg7 4. Bg2 O-O 5. d4 d6 6. Nf3 Nc6 7. O-O a6 8. h3
Rb8 9. b3 b5 10. cxb5 axb5 11. Bb2 b4 12. Nb1 Na7 13. a3 bxa3 14. Nxa3 Be6 15.
Nd2 Qd7 16. Kh2 c5 17. Ndc4 cxd4 18. Bxd4 Nb5 19. Nb6 Qe8 20. Be3 Nxa3 21. Rxa3
Qb5 22. Nc4 Bxc4 23. bxc4 Qxc4 24. Ra7 Rfe8 25. Bb7 d5 26. Ba6 Qc6 27. Qd3 Ne4
28. Rc1 Qf6 29. Qxd5 Nc3 30. Qf3 Qxf3 31. exf3 Nd5 32. Bb7 1/2-1/2

[Event "Superettan(Farsta-Upsala)"]
[Site "?"]
[Date "2022.04.09"]
[Round "7"]
[White "Foster, David"]
[Black "Stavenberg, Karl"]
[Result "0-1"]
[WhiteElo "2089"]
[BlackElo "2088"]
[PlyCount "74"]

1. e4 c5 2. d4 cxd4 3. c3 dxc3 4. Nxc3 Nc6 5. Nf3 e6 6. Bc4 Bb4 7. O-O Nge7 8.
Nb5 d5 9. exd5 exd5 10. Bxd5 Nxd5 11. Qxd5 O-O 12. Qh5 a6 13. Nc3 Qa5 14. Qh4
Bf5 15. Be3 Bxc3 16. bxc3 Qxc3 17. Rfc1 Qd3 18. Qg3 Rad8 19. h3 Rfe8 20. Bb6
Rd5 21. Re1 Rxe1+ 22. Rxe1 h6 23. Be3 Bg6 24. Qc7 Rd7 25. Qg3 Re7 26. Kh1 Kh7
27. Qg4 f6 28. Qg3 Be4 29. Rc1 Bxf3 30. Qxf3 Ne5 31. Qf4 b5 32. Qb4 Rd7 33. a4
Qd5 34. axb5 Nd3 35. Qb1 Qxb5 36. Qc2 f5 37. Qc6 Nxc1 0-1

[Event "Superettan(Schack 08-Orgryte)"]
[Site "?"]
[Date "2022.04.09"]
[Round "7"]
[White "Troberg Eskola, Love"]
[Black "Larsson, Roger"]
[Result "1-0"]
[WhiteElo "1993"]
[BlackElo "1959"]
[PlyCount "49"]

1. Nf3 d5 2. e3 c6 3. c4 Nf6 4. Nc3 e6 5. b3 Bd6 6. Bb2 O-O 7. Qc2 Qe7 8. Rg1
Ng4 9. Bd3 f5 10. h3 dxc4 11. Bxc4 Nh6 12. a4 Nd7 13. Be2 Nf6 14. g4 fxg4 15.
hxg4 Nfxg4 16. Ne4 Bb4 17. Nfg5 e5 18. Nxh7 Re8 19. Nhg5 Bf5 20. Qc4+ Kh8 21.
Bxg4 Bxg4 22. Rxg4 Nxg4 23. Nf7+ Kh7 24. Neg5+ Kg6 25. Qxg4 1-0

[Event "Superettan(Farsta-Upsala)"]
[Site "?"]
[Date "2022.04.09"]
[Round "7"]
[White "Wisdahl, Peter"]
[Black "Bernhard, Jonathan"]
[Result "0-1"]
[WhiteElo "2036"]
[BlackElo "1981"]
[PlyCount "50"]

1. e4 Nc6 2. d4 d5 3. e5 Bf5 4. c3 e6 5. Nf3 f6 6. Bf4 Nge7 7. h4 fxe5 8. dxe5
Ng6 9. Bg3 Bc5 10. h5 Nge7 11. Nbd2 Qd7 12. b4 Bb6 13. a4 a5 14. b5 Na7 15. Nb3
c6 16. Nfd4 cxb5 17. Bxb5 Nxb5 18. Nxb5 O-O 19. O-O Rac8 20. N3d4 Rc4 21. Qd2
h6 22. Nxf5 Nxf5 23. Bh2 Rh4 24. Qe2 Qe7 25. Rad1 Rxh2 0-1

[Event "Superettan(Burgsvik-Helsingborg)"]
[Site "?"]
[Date "2022.04.09"]
[Round "7"]
[White "Kristensen, Kare Hove"]
[Black "Andersson, Tommy"]
[Result "0-1"]
[WhiteElo "2307"]
[BlackElo "2380"]
[PlyCount "80"]
[EventDate "2022.??.??"]
[SourceDate "2022.05.11"]

1. Nf3 Nf6 2. c4 c5 3. Nc3 g6 4. d4 cxd4 5. Nxd4 Bg7 6. e4 d6 7. Be2 O-O 8. O-O
Nc6 9. Nc2 b6 10. f3 Bb7 11. Nd5 e6 12. Nc3 Qe7 13. Bg5 h6 14. Bh4 g5 15. Bf2
Rfd8 16. Re1 Rac8 17. Bf1 Qf8 18. Nd4 Ne5 19. Qa4 a6 20. Rad1 Qe7 21. Nb3 Rc6
22. Nd4 Rcc8 23. Nb3 Nfd7 24. Qb4 Rc6 25. Na4 Rb8 26. Nd4 Rc7 27. Nb3 Bc6 28.
Nc3 Nc5 29. Nxc5 dxc5 30. Qb3 Be8 31. Bg3 b5 32. cxb5 axb5 33. a4 c4 34. Qa2
bxa4 35. Kh1 Qb4 36. Rd2 Rcc8 37. Red1 Ra8 38. Nb1 Qb3 39. Qa1 a3 40. bxa3 Nxf3
0-1

[Event "Superettan(Vasteras II-Kristallen)"]
[Site "?"]
[Date "2022.04.09"]
[Round "7"]
[White "Walinder, Lars"]
[Black "Janse, Love"]
[Result "1/2-1/2"]
[WhiteElo "2263"]
[BlackElo "2199"]
[PlyCount "96"]

1. c4 f5 2. Nc3 Nf6 3. d4 d6 4. Bg5 Nbd7 5. Qc2 g6 6. h4 Bg7 7. Nh3 e5 8. e3 h6
9. Bxf6 Nxf6 10. O-O-O Qe7 11. Be2 Qf7 12. Qa4+ c6 13. d5 Bd7 14. dxc6 Bxc6 15.
Qb4 O-O 16. Bf3 Rac8 17. Rxd6 Bxf3 18. gxf3 Rxc4 19. Qb3 Rxh4 20. e4 fxe4 21.
fxe4 Qxb3 22. axb3 Nxe4 23. Nxe4 Rxe4 24. Rxg6 Kf7 25. Rg3 Rc8+ 26. Kb1 Re2 27.
Rd1 Bf6 28. Rd7+ Ke6 29. Rxb7 Rcc2 30. Rxa7 Rxb2+ 31. Kc1 Rec2+ 32. Kd1 e4 33.
Ra6+ Kf5 34. Ra5+ Be5 35. Rg8 e3 36. fxe3 Rh2 37. Kc1 Rhc2+ 38. Kd1 Rh2 39. Kc1
Ke4 40. Ng1 Rhc2+ 41. Kd1 Rd2+ 42. Ke1 Bc3 43. Re8+ Kd3 44. Rd5+ Kc2 45. Rxd2+
Bxd2+ 46. Ke2 Rxb3 47. Rc8+ Rc3 48. Rxc3+ Kxc3 1/2-1/2

[Event "Superettan(Burgsvik-Helsingborg)"]
[Site "?"]
[Date "2022.04.09"]
[Round "7"]
[White "Haitin, Ilja"]
[Black "Nilsson Hask, Patrik"]
[Result "1-0"]
[WhiteElo "2355"]
[BlackElo "2199"]
[PlyCount "51"]
[EventDate "2022.??.??"]

1. d4 f5 2. c4 Nf6 3. Nf3 g6 4. e3 Bg7 5. b4 c6 6. Be2 Ne4 7. Bb2 d5 8. O-O Be6
9. Nbd2 O-O 10. a4 h6 11. a5 a6 12. Nb3 Nd7 13. Qc2 Nd6 14. Ne5 Nxe5 15. dxe5
Nxc4 16. Nc5 Qc8 17. Bd4 g5 18. f4 g4 19. Kf2 h5 20. g3 Kf7 21. Bd3 Kg6 22. Rh1
Rh8 23. h3 Qg8 24. Rag1 Qf7 25. hxg4 hxg4 26. Qd1 1-0

[Event "Superettan(Vasteras II-Kristallen)"]
[Site "?"]
[Date "2022.04.09"]
[Round "7"]
[White "Kretz, Johan"]
[Black "Lindh, Fredrik"]
[Result "0-1"]
[WhiteElo "2221"]
[BlackElo "2303"]
[PlyCount "128"]

1. d4 Nf6 2. c4 g6 3. Nc3 d5 4. cxd5 Nxd5 5. e4 Nxc3 6. bxc3 Bg7 7. Nf3 c5 8.
Rb1 O-O 9. Be2 b6 10. O-O Bb7 11. d5 Bxc3 12. Bc4 Bg7 13. Qe2 Qc8 14. Bg5 Re8
15. Bb5 Ba6 16. a4 Bxb5 17. axb5 Nd7 18. Nd2 h6 19. Be3 e6 20. Nc4 Qb8 21. dxe6
Rxe6 22. Rfd1 Ne5 23. Bf4 Qf8 24. Nxe5 Bxe5 25. Bxe5 Rxe5 26. f3 Ree8 27. Rd5
Rad8 28. Rbd1 Rxd5 29. Rxd5 Rc8 30. Qc4 Qe7 31. e5 Kg7 32. Qc3 Kh7 33. Rd6 c4
34. Kf1 Rc5 35. f4 Qh4 36. Rf6 Rc7 37. e6 fxe6 38. Rf8 Rg7 39. Qxc4 Qg4 40. Qd4
Qh4 41. Qd6 Qh5 42. f5 gxf5 43. Qd8 Qg4 44. Rh8+ Kg6 45. Qe8+ Kg5 46. Qd8+ Kh5
47. Qe8+ Rg6 48. g3 Qf3+ 49. Kg1 f4 50. Rg8 Qe3+ 51. Kf1 Qd3+ 52. Ke1 fxg3 53.
hxg3 Qxg3+ 54. Kd2 Qg2+ 55. Kc3 Qf3+ 56. Kc4 Qf4+ 57. Kb3 Qe3+ 58. Ka4 Qf4+ 59.
Ka3 Qf3+ 60. Kb4 Qf6 61. Kc4 Kg5 62. Rf8 Qe5 63. Qd8+ Kh5 64. Qd1+ Rg4+ 0-1

[Event "Superettan(Burgsvik-Helsingborg)"]
[Site "?"]
[Date "2022.04.09"]
[Round "7"]
[White "Semcesen, Daniel"]
[Black "Andersson, Bjorn"]
[Result "1-0"]
[WhiteElo "2472"]
[BlackElo "2131"]
[PlyCount "79"]

1. d4 c5 2. d5 Nf6 3. c4 d6 4. Nc3 g6 5. e4 Bg7 6. h3 O-O 7. Bd3 Na6 8. Nf3 Nc7
9. O-O a6 10. a4 Bd7 11. a5 Rb8 12. Re1 b5 13. axb6 Rxb6 14. Qc2 e5 15. dxe6
Nxe6 16. Ra2 Bc6 17. Nd5 Bxd5 18. exd5 Nd4 19. Nxd4 cxd4 20. Bd2 Qb8 21. b4 Rc8
22. Qa4 Bf8 23. Rea1 Re8 24. Qc2 Qc8 25. Ra5 Nd7 26. Rc1 Ne5 27. c5 dxc5 28.
bxc5 Rb2 29. Qxb2 Nxd3 30. Qc2 Nxc1 31. Qxc1 Qf5 32. Qc4 Qb1+ 33. Kh2 d3 34.
Bc3 Bg7 35. Bxg7 d2 36. Ra1 d1=Q 37. Rxb1 Qxb1 38. Bc3 Qe4 39. Qxe4 Rxe4 40. d6
1-0